BSOP header

Hai shang si chou zhi lu yan jiu. (Record no. 25345)

MARC details
000 -LEADER
fixed length control field 01892nam a2200313 4500
008 - FIXED-LENGTH DATA ELEMENTS--GENERAL INFORMATION
fixed length control field 051202s1997 cc af b 100 0 chi d
020 ## - INTERNATIONAL STANDARD BOOK NUMBER
International Standard Book Number 7533425073 :gift
090 ## - LOCALLY ASSIGNED LC-TYPE CALL NUMBER (OCLC); LOCAL CALL NUMBER (OCLC)
Classification number (OCLC) (R) ; Classification number, CALL (RLIN) (NR) DS740.5
Local cutter number (OCLC) ; Book number/undivided call number, CALL (RLIN) M33
245 00 - TITLE STATEMENT
Title Hai shang si chou zhi lu yan jiu.
Number of part/section of a work 1 {ch}:
Name of part/section of a work Hai shang si chou zhi lu yu Yisilan wen hua /
Statement of responsibility, etc Zhongguo yu hai shang si chou zhi lu yan jiu zhong xin, Fujian Sheng hai shang si chou zhi lu yan jiu hui, Faguo yuan dong xue yuan Fuzhou zhong xin = Maritime silk route studies. 1, Maritime silk route and the Islamic culture / China Maritime Silk Route Studies Centre, Fujian Association of Maritime Silk Route Studies, Fuzhou Centre of Ecole fran
246 30 - VARYING FORM OF TITLE
Title proper/short title Hai shang si chou zhi lu yu Yisilan wen hua.
246 30 - VARYING FORM OF TITLE
Title proper/short title Maritime silk route and the Islamic culture.
246 31 - VARYING FORM OF TITLE
Title proper/short title Maritime silk route studies.
Number of part/section of a work 1,
Name of part/section of a work Maritime silk route and the Islamic culture.
250 ## - EDITION STATEMENT
Edition statement Di 1 ban.
260 ## - PUBLICATION, DISTRIBUTION, ETC. (IMPRINT)
Place of publication, distribution, etc Fuzhou Shi :
Name of publisher, distributor, etc Fujian jiao yu chu ban she,
Date of publication, distribution, etc 1997.
300 ## - PHYSICAL DESCRIPTION
Extent 2, 3, 223 p., [4] p. of plates :
Other physical details ill. ;
Dimensions 26 cm.
490 1# - SERIES STATEMENT
Series statement Maritime silk route studies;
Volume number/sequential designation 1
500 ## - GENERAL NOTE
General note Cover title.
500 ## - GENERAL NOTE
General note Lun wen bao huo "Hai shang si chou zhi lu yu Yisilan wen hua" guo ji xue shu tao lun hui ji "'94 Zhongguo (Fujian) Yisilan wen wu gu ji you huo dong.
504 ## - BIBLIOGRAPHY, ETC. NOTE
Bibliography, etc Includes bibliographical references.
546 ## - LANGUAGE NOTE
Language note Chinese or English.
650 #4 - SUBJECT ADDED ENTRY--TOPICAL TERM
Topical term or geographic name as entry element Islam
Geographic subdivision China
General subdivision History
Form subdivision Congresses {ch}.
650 #4 - SUBJECT ADDED ENTRY--TOPICAL TERM
Topical term or geographic name as entry element Merchant marine
Geographic subdivision China
General subdivision History
Form subdivision Congresses {ch}.
650 #4 - SUBJECT ADDED ENTRY--TOPICAL TERM
Topical term or geographic name as entry element Trade routes
Geographic subdivision Asia
General subdivision History
Form subdivision Congresses {ch}.
951 ## - EQUIVALENCE OR CROSS-REFERENCE-GEOGRAPHIC NAME/AREA NAME [OBSOLETE] [CAN/MARC only]
General subdivision 00031955
710 22 - ADDED ENTRY--CORPORATE NAME
Corporate name or jurisdiction name as entry element Ecole fran
710 22 - ADDED ENTRY--CORPORATE NAME
Corporate name or jurisdiction name as entry element Fujian Sheng hai shang si chou zhi lu yan jiu hui.
710 22 - ADDED ENTRY--CORPORATE NAME
Corporate name or jurisdiction name as entry element Zhongguo yu hai shang si chou zhi lu yan jiu zhong xin.
711 2# - ADDED ENTRY--MEETING NAME
Meeting name or jurisdiction name as entry element "Hai shang si chou zhi lu yu Yisilan wen hua" guo ji xue shu tao lun hui
Date of meeting (1994 :
Location of meeting Quanzhou Shi, China).
951 ## - EQUIVALENCE OR CROSS-REFERENCE-GEOGRAPHIC NAME/AREA NAME [OBSOLETE] [CAN/MARC only]
-- C-7001
-- DS740.5/M33-I
-- 070613111531484
-- 2000-12-21
-- SP-C REFCH
Holdings
Withdrawn status Lost status Damaged status Not for loan Home library Current library Shelving location Date acquired Accession number Shelving control number Total Checkouts Full call number Barcode Date last seen Price effective from Koha item type
        BSOP Library BSOP Library   12/21/2000 C-7001 127   DS740.5/M33-I 00031955 02/23/2013 02/23/2013 Books
BSOP

Biblical Seminary of the Philippines
  All rights Reserved
  © 2024

CONTACT INFORMATION

Biblical Seminary of the Philippines,
  77-B Karuhatan Road, Valenzuela City,
  PHILIPPINES 1441
  Phone: +632 8292-6795 / 8292-6798
  Fax : +632 8292-6675
  Email: library@bsop.edu.ph